01500nam a2200289 ia450000500170000000800410001702000390005804000280009708200150012510000400014024500890018026400570026926400110032630000690033733600210040633700250042733800230045249000170047550000210049250400260051352004710053965000410101065000550105170000410110680000460114783000170119320260304100910.0260304t20252024nyuoa br 001 0 eng d a9781978541740cRM98.00qpaperback  aPPAK beng cPPAK erda04223a591.731 aLeatherland, Noah, d1999-eauthor.10aIn the Forest / cWritten by Noah Leatherland ; Edited by: Rebecca Philips-Bartlett  1aBuffalo, New York :bEnslow Publishing, LLC., c2025 4c©2024 a24 pages : bcolour photographs, colour illustrations ; c20 cm  atext2rdacontent aunmediated2rdamedia avolume2rdacarrier1 aWHERE AM I?  aIncludes index.  aBibliography: page 24 a"So many animals can be found in the forest! Some come out at night, others bask in the sun; some are big, others are tiny. What many have in common is that they like to hide! Readers and invited to a game of hide-and-seek with some forest animals in this book. Can they find the camouflaged creature in its habitat? While they learn about blending in and lots of fun animal facts, readers also discover the defining characteristics of a forest habitat"--Amazon.com.10aForest animals vJuvenile literature20aForest animals xHabitations vJuvenile literature1 aPhilips-Bartlett, Rebecca,eeditor. 1 aLeatherland, Noah, d1999- tWhere am I?  0aWhere am i?